নন্টে ফন্টে সমগ্র / (Record no. 233)

000 -LEADER
fixed length control field 00593nam a22001697a 4500
003 - CONTROL NUMBER IDENTIFIER
control field CISL
005 - DATE AND TIME OF LATEST TRANSACTION
control field 20210610012057.0
008 - FIXED-LENGTH DATA ELEMENTS--GENERAL INFORMATION
fixed length control field 181119r20152014ii a|||g |||| 00| f ben d
040 ## - CATALOGING SOURCE
Transcribing agency CISL
082 ## - DEWEY DECIMAL CLASSIFICATION NUMBER
Edition number 22
Classification number 891.44371
Item number DBN
100 ## - MAIN ENTRY--PERSONAL NAME
Personal name দেবনাথ, নারায়ণ
Relator code Narayan Debnath
245 ## - TITLE STATEMENT
Title নন্টে ফন্টে সমগ্র /
Statement of responsibility, etc. নারায়ণ দেবনাথ
260 ## - PUBLICATION, DISTRIBUTION, ETC.
Place of publication, distribution, etc. কলকাতা:
Name of publisher, distributor, etc. দীপ প্রকাশন,
Date of publication, distribution, etc. c2015.
300 ## - PHYSICAL DESCRIPTION
Extent 512 p. :
Other physical details 23.05 cm.
650 ## - SUBJECT ADDED ENTRY--TOPICAL TERM
General subdivision Juvenile literature
-- Bengali Story
Geographic subdivision India
942 ## - ADDED ENTRY ELEMENTS (KOHA)
Source of classification or shelving scheme
Koha item type Books
Holdings
Withdrawn status Lost status Source of classification or shelving scheme Damaged status Not for loan Permanent Location Current Location Date acquired Full call number Barcode Date last seen Copy number Price effective from Koha item type Public note
          CIDER International School Library CIDER International School Library 2018-11-18 891.44371 DBN 3010000756 2018-11-18 1 2018-11-18 Books Available
© Customized & Maintained by CIDER IT Dept.

Powered by Koha